• 首页
  • 本馆介绍
  • 公告通知
  • 最新文献
  • 馆藏检索
  • 电子资源
  • 读者导购
  • 参考咨询
  • 我的图书馆
  • 登录
  • 详细信息显示
  • 放入我的书架
  • 预约/预借图书
  • 作者相关作品
  • 分类相关作品
  • 丛书相关作品
  • 出版社相关作品

书目信息

  • 表格格式
  • 工作单格式
  • 卡片格式
题名:
优雅女性的自我提升课
    
 
作者: 晴时 编著
分册:  
出版信息: 广州   广东经济出版社  2017
页数: 251页
开本: 21cm
丛书名: 她力量系列
单 册:
中图分类: K828.5=76
科图分类:
主题词: 女性--Nv Xing--生平事迹--中国
电子资源:
ISBN: 978-7-5454-5409-3
000 00977nam0 22002771 450
001 012001011750
005 20141123084745.0
010    @a978-7-5454-5409-3@dCNY39.80
092    @afh-sk40-007
099    @aCAL 012017136947
100    @a20170710d2017 em y0chiy50 ea
101 0  @achi
102    @aCN@b440000
105    @ay z 000yy
106    @ar
200 1  @a优雅女性的自我提升课@Ayou ya nv xing de zi wo ti sheng ke@f晴时编著
210    @a广州@c广东经济出版社@d2017
215    @a251页@d21cm
225 2  @a她力量系列@ATa Li Liang Xi Lie
330    @a本书主要内容包括: 屠呦呦 中医药的传承与骄傲 ; 董卿 央视舞台上的美丽绽放 ; 孙俪 花样幸福的“国民娘娘” ; 李娜 “网坛一姐”的巅峰之路 ; 柳青 “创二代”的“叛逆”人生 ; 杨绵绵 为海尔奠基的女强人等。
410  0 @12001 @a她力量系列
606 0  @a女性@ANv Xing@x生平事迹@y中国
690    @aK828.5=76@v5
701  0 @a晴时@Aqing shi@4编著
801  2 @aCN@b上海新华@c20191020
905    @b1184360-3@dK828.5=76@e108@f4
    
    优雅女性的自我提升课/晴时编著.-广州:广东经济出版社,2017
    251页;21cm.-(她力量系列)
    
    
    ISBN 978-7-5454-5409-3:CNY39.80
    本书主要内容包括: 屠呦呦 中医药的传承与骄傲 ; 董卿 央视舞台上的美丽绽放 ; 孙俪 花样幸福的“国民娘娘” ; 李娜 “网坛一姐”的巅峰之路 ; 柳青 “创二代”的“叛逆”人生 ; 杨绵绵 为海尔奠基的女强人等。
●
相关链接 在E读中查询图书 在五车中查询图书 在当当中查询图书 在豆瓣中查询图书


正题名:优雅女性的自我提升课     索取号:K828.5=76/108         预约/预借

序号 登录号 条形码 馆藏地/架位号 状态 备注
1 1184360   211843601   第二样本阅览室/ [索取号:K828.5=76/108] 在馆    
2 1184361   211843610   第二借阅区/ [索取号:K828.5=76/108] 在馆    
3 1184362   211843629   第二借阅区/ [索取号:K828.5=76/108] 在馆    
4 1184363   211843638   第二借阅区/ [索取号:K828.5=76/108] 在馆    
欢迎您!
大连网信软件有限公司© 版权所有